| 000 | 00461nam a2200133Ia 4500 | ||
|---|---|---|---|
| 008 | 190813s9999 xx 000 0 und d | ||
| 020 | _a9780415657853 | ||
| 100 | _aSweeney, Daniel S. | ||
| 245 |
_cDaniel S. Sweeney, Jennifer N. Baggerly, Dee C. Ray.-- _aGroup play therapy : _ba dynamic approach / |
||
| 260 |
_aNew York : _bRoutledge _c2014 |
||
| 300 | _a226 pages. | ||
| 500 | _aIncluded bibliographical references and index. | ||
| 650 | _aGroup play theraphy. | ||
| 999 |
_c362066 _d362066 |
||